000 00590nam a2200241Ia 4500
008 181129s9999 xx 000 0 und d
020 _a9780060726751
050 _bC672 2004
100 _aCoelho, Paulo
245 0 _aEleven minutes /
245 0 _cby Paulo Coelho.
260 _aNew York, NY :
260 _bHarper Collins Publishers,
260 _c2004
300 _a273 pages :
300 _billustrations ;
300 _c17cm.
650 _aBrazillians.
650 _aExotic stories.
650 _aProstitutes.
650 _aSwitzerland --Geneva.
700 _aTitle.
999 _c360136
_d360136